Language Quiz

Random Language or Spanish Quiz

Titles In Spanish Quiz Stats

 Plays Quiz not verified by Sporcle

Also try: This is 'ICK'y
Challenge
Share
Tweet
Embed
Score 0/9 Timer 02:00
0 Plays Today
English Spanish % Correct
Mr.señor
98.3%
Mrs./Missseñora
97.3%
Little Missseñorita
95.1%
Doctordoctor
84%
Professorprofesor
83.7%
Little Mr.señorito
71.6%
Formal Mr.Don
30.6%
MadamDoña
28.4%
2%

You're not logged in!

Compare scores with friends on all Sporcle quizzes.
OR
Log In

You Might Also Like...

Show Comments

Extras

Created Nov 14, 2009ReportNominate
Tags:Spanish Quiz, English, In Spanish

Top Quizzes Today


Score Distribution

Your Account Isn't Verified!

In order to create a playlist on Sporcle, you need to verify the email address you used during registration. Go to your Sporcle Settings to finish the process.

Report this User

Report this user for behavior that violates our Community Guidelines.

Details: